000 00354nam a2200145Ia 4500
003 LK-CoDNM
008 010623t1945 xxu||||| |||| 00| 1 eng d
040 _aLK-CoDNM
_dLK-CoDNM
_eLK-CoDNM
041 _aeng
100 _aBowra,C.M.
245 _aA Classical Education
260 _bOxford University Press
_c1945
300 _b31P., 15 cm
942 _cBK
999 _c100498
_d100498